| 000 | 00699nam a2200217 a 4500 | ||
|---|---|---|---|
| 005 | 20240228063737.0 | ||
| 008 | 090617s2007 cl r 000 0 spa d | ||
| 020 | _a9789583023835 | ||
| 035 | _aUPN01000171238 | ||
| 049 | _aI | ||
| 050 | 4 |
_aPZ74.3 _bS3.5 |
|
| 100 | 1 |
_aSánchez Juliao, David, _d1945- |
|
| 245 | 1 | 0 |
_aLucía : _b¡la maga en fotografía! / _cDavid Sánchez Juliao ; il. Verónica Chaves Morales. |
| 260 |
_aBogotá : _bPanamericana, _c2007. |
||
| 300 |
_a47 p. : _bprincipalmente il. col. |
||
| 440 | 0 | _aQue pase el tren | |
| 650 | 0 |
_aCuentos infantiles colombianos _94407 |
|
| 650 | 4 |
_aRimas infantiles _910247 |
|
| 700 | 1 |
_aChaves Morales, Verónica, _eil. |
|
| 905 | _aInfantil | ||
| 999 |
_c143343 _d143343 |
||